Физико-химическое моделирование процесса серпентинизации и роль океанических серпентинитов в гидротермальном рудообразовании; Известия Томского политехнического университета [Известия ТПУ]; Т. 307, № 1
| Parent link: | Известия Томского политехнического университета [Известия ТПУ]/ Томский политехнический университет (ТПУ).— , 2000- Т. 307, № 1.— 2004.— [С. 57-62] |
|---|---|
| Päätekijä: | |
| Muut tekijät: | , |
| Yhteenveto: | Заглавие с титульного листа Электронная версия печатной публикации На базе результатов физико-химического моделирования обсуждается процесс серпентинизации океанических ультрамафитов в системе гипербазит-морская вода для температур от 2 до 400 °С и давлений 0,5...1,0 кбар. Установлено, что массовая серпентинизация осуществляется в пределах 25-100°С с образованием устойчивого парагенезисасерпентин+магнетит+брусит+эпидот±хлорит+иллит±гипс±кальцит±ангидрит. Содержание минералов определяется температурой и соотношением вода/порода, давление на серпентинизацию существенного влияния не оказывает. Рассчитаны равновесные концентрации рудных компонентов в серпентинизирующих растворах. Показано, что они ничтожно малы и составляют, например, для Т = 400 °С - n 10-4 - n 10-6 моль/кг. На основании этого делается вывод, что они не могут определять сульфидную специализацию гидротермальных систем, приуроченных к океаническим серпентинитам, т.е. ультрамафиты дна океанов являются всего лишь геохимическим барьером, на котором происходит разгрузка глубинных рудонесущих растворов. |
| Kieli: | venäjä |
| Julkaistu: |
2004
|
| Sarja: | Естественные науки |
| Aiheet: | |
| Linkit: | http://www.lib.tpu.ru/fulltext/v/Bulletin_TPU/2004/v307/i1/10.pdf |
| Aineistotyyppi: | Elektroninen Kirjan osa |
| KOHA link: | https://koha.lib.tpu.ru/cgi-bin/koha/opac-detail.pl?biblionumber=168465 |
MARC
| LEADER | 00000nla2a2200000 4500 | ||
|---|---|---|---|
| 001 | 168465 | ||
| 005 | 20231031163122.0 | ||
| 035 | |a (RuTPU)RU\TPU\book\182777 | ||
| 035 | |a RU\TPU\book\182766 | ||
| 090 | |a 168465 | ||
| 100 | |a 20091028d2004 k y0rusy50 ca | ||
| 101 | 0 | |a rus | |
| 102 | |a RU | ||
| 135 | |a drnn ---uucaa | ||
| 181 | 0 | |a i | |
| 182 | 0 | |a b | |
| 200 | 1 | |a Физико-химическое моделирование процесса серпентинизации и роль океанических серпентинитов в гидротермальном рудообразовании |b Электронный ресурс |f В. В. Велинский, Г. А. Третьяков, В. А. Симонов | |
| 203 | |a Текст |c электронный | ||
| 215 | |a 1 файл (623 Кб) | ||
| 225 | 1 | |a Естественные науки | |
| 230 | |a Электронные текстовые данные (1 файл : 623 Кб) | ||
| 300 | |a Заглавие с титульного листа | ||
| 300 | |a Электронная версия печатной публикации | ||
| 320 | |a [Библиогр.: с. 61-62 (20 назв.)] | ||
| 330 | |a На базе результатов физико-химического моделирования обсуждается процесс серпентинизации океанических ультрамафитов в системе гипербазит-морская вода для температур от 2 до 400 °С и давлений 0,5...1,0 кбар. Установлено, что массовая серпентинизация осуществляется в пределах 25-100°С с образованием устойчивого парагенезисасерпентин+магнетит+брусит+эпидот±хлорит+иллит±гипс±кальцит±ангидрит. Содержание минералов определяется температурой и соотношением вода/порода, давление на серпентинизацию существенного влияния не оказывает. Рассчитаны равновесные концентрации рудных компонентов в серпентинизирующих растворах. Показано, что они ничтожно малы и составляют, например, для Т = 400 °С - n 10-4 - n 10-6 моль/кг. На основании этого делается вывод, что они не могут определять сульфидную специализацию гидротермальных систем, приуроченных к океаническим серпентинитам, т.е. ультрамафиты дна океанов являются всего лишь геохимическим барьером, на котором происходит разгрузка глубинных рудонесущих растворов. | ||
| 337 | |a Adobe Reader | ||
| 461 | 1 | |0 (RuTPU)RU\TPU\book\176237 |t Известия Томского политехнического университета [Известия ТПУ] |f Томский политехнический университет (ТПУ) |d 2000- | |
| 463 | 1 | |0 (RuTPU)RU\TPU\book\182748 |t Т. 307, № 1 |v [С. 57-62] |d 2004 |p 203 с. | |
| 610 | 1 | |a физико-химическое моделирование | |
| 610 | 1 | |a серпентинизация | |
| 610 | 1 | |a океанические серпентиниты | |
| 610 | 1 | |a гидротермальные рудообразования | |
| 610 | 1 | |a ультрамафиты | |
| 610 | 1 | |a гипербазиты | |
| 610 | 1 | |a морские воды | |
| 610 | 1 | |a температура | |
| 610 | 1 | |a давление | |
| 610 | 1 | |a парагенезисы | |
| 610 | 1 | |a серпентины | |
| 610 | 1 | |a магнетиты | |
| 610 | 1 | |a эпидоты | |
| 610 | 1 | |a хлориты | |
| 610 | 1 | |a иллиты | |
| 610 | 1 | |a гипсы | |
| 610 | 1 | |a кальциты | |
| 610 | 1 | |a ангидриты | |
| 610 | 1 | |a минералы | |
| 610 | 1 | |a горные породы | |
| 610 | 1 | |a равновесные концентрации | |
| 610 | 1 | |a рудные компоненты | |
| 610 | 1 | |a растворы | |
| 610 | 1 | |a сульфидная специализация | |
| 610 | 1 | |a гидротермальные системы | |
| 610 | 1 | |a геохимические барьеры | |
| 610 | 1 | |a разгрузки | |
| 610 | 1 | |a электронный ресурс | |
| 700 | 1 | |a Велинский |b В. В. | |
| 701 | 1 | |a Третьяков |b Г. А. | |
| 701 | 1 | |a Симонов |b В. А. | |
| 801 | 1 | |a RU |b 63413507 |c 20090623 |g PSBO | |
| 801 | 2 | |a RU |b 63413507 |c 20210527 |g PSBO | |
| 856 | 4 | |u http://www.lib.tpu.ru/fulltext/v/Bulletin_TPU/2004/v307/i1/10.pdf | |
| 942 | |c CF | ||